[Event "ch-RUS Rapid w 2016"]
[Site "Sochi RUS"]
[Date "2016.10.03"]
[Round "7.6"]
[White "Travkina, Anastasia"]
[Black "Vasilevich, Tatjana"]
[Result "1/2-1/2"]
[WhiteTitle "WFM"]
[BlackTitle "IM"]
[WhiteElo "2292"]
[BlackElo "2372"]
[WhiteFideId "24129151"]
[BlackFideId "14101610"]
[EventDate "2016.10.02"]

1. e4 c5 2. Nf3 a6 3. c4 e6 4. Nc3 Qc7 5. d4 cxd4 6. Nxd4 Nf6 7. Bd3 Nc6 8. Nxc6
dxc6 9. O-O Bc5 10. Na4 Bd4 11. Kh1 e5 12. c5 Qe7 13. Qc2 Ng4 14. g3 h5 15. h4
f6 16. f4 exf4 17. Bxf4 Ne5 18. Nb6 Rb8 19. Nxc8 Rxc8 20. Rac1 Qd7 21. Bxe5 Bxe5
22. Rf5 g6 23. Rf3 O-O 24. Kg2 Rcd8 25. Rd1 Qe7 26. b4 Kg7 27. Bc4 Rd4 28. Rfd3
Rfd8 29. Qf2 Rxd3 30. Rxd3 Rxd3 31. Bxd3 Qd7 32. Qe3 Qd4 33. Qxd4 Bxd4 34. a4
Kf7 35. Bc4+ Ke7 36. Kf3 Bc3 37. b5 axb5 38. axb5 Bd4 39. bxc6 bxc6 40. Bb3 Bxc5
41. Ba4 Kd6 42. Bb3 Ke7 43. Ba4 Kd6 44. Bb3 Ke7 45. Ba4 Kd6 46. Bb3 Ke7 1/2-1/2

[Event "ch-RUS Rapid w 2016"]
[Site "Sochi RUS"]
[Date "2016.10.03"]
[Round "7.7"]
[White "Ambartsumova, Karina"]
[Black "Severina, Maria"]
[Result "1/2-1/2"]
[WhiteTitle "WGM"]
[BlackTitle "WIM"]
[WhiteElo "2280"]
[BlackElo "2232"]
[WhiteFideId "4166299"]
[BlackFideId "4116909"]
[EventDate "2016.10.02"]

1. e4 e5 2. Nf3 Nc6 3. Bb5 a6 4. Ba4 Nf6 5. O-O Be7 6. Re1 b5 7. Bb3 d6 8. c3
O-O 9. d3 Na5 10. Bc2 c5 11. Nbd2 Nc6 12. Nf1 h6 13. h3 Be6 14. Ng3 Re8 15. Nh2
d5 16. Qf3 d4 17. Nf5 Bxf5 18. exf5 Qd5 19. Bb3 Qxf3 20. Nxf3 Bd6 21. g4 Rac8
22. Bd2 Nd7 23. Kg2 Nb6 24. Bc2 c4 25. cxd4 Nxd4 26. Nxd4 exd4 27. Rxe8+ Rxe8
28. Kf3 Nd5 29. Re1 Rc8 30. dxc4 bxc4 31. Be4 Nf6 32. Rc1 Kf8 33. h4 Rc7 34. g5
hxg5 35. hxg5 Nd7 36. Bf4 Bxf4 37. Kxf4 Ke7 38. Rd1 c3 39. bxc3 dxc3 40. Bc2 Nb6
41. Rd3 Rc5 42. Ke4 f6 43. f4 Rc7 44. Kd4 Rc4+ 45. Ke3 Rc5 46. Rd4 Nc4+ 47. Kd3
Nd6 48. Ra4 Rc6 49. Kd4 Nb5+ 50. Ke3 Kd6 51. Kd3 Kc5 52. Rc4+ Kd5 53. Rxc6 Kxc6
54. a4 Nc7 55. Bb3 Nd5 56. Kd4 Nxf4 57. gxf6 gxf6 58. Kxc3 Kc5 59. Bf7 a5 60.
Be8 Ne2+ 61. Kd3 Ng3 62. Bd7 Kd5 63. Bc8 Nh5 64. Be6+ Kc5 65. Ke4 Ng3+ 66. Kf3
Nf1 67. Ke2 Ng3+ 68. Kf3 Nh5 69. Ke4 Ng7 70. Bd7 Kd6 71. Bb5 Kc5 72. Bd7 Nh5 73.
Bb5 Ng7 1/2-1/2

[Event "ch-RUS Rapid w 2016"]
[Site "Sochi RUS"]
[Date "2016.10.03"]
[Round "7.8"]
[White "Ovod, Evgenija"]
[Black "Kovalevskaya, Ekaterina"]
[Result "1/2-1/2"]
[WhiteTitle "IM"]
[BlackTitle "IM"]
[WhiteElo "2362"]
[BlackElo "2437"]
[WhiteFideId "4131827"]
[BlackFideId "4116704"]
[EventDate "2016.10.02"]

1. d4 Nf6 2. Nf3 c5 3. c3 e6 4. Bg5 d5 5. e3 Be7 6. Nbd2 O-O 7. Bd3 b6 8. Qe2
Bb7 9. O-O Nbd7 10. Rad1 Ne4 11. Bf4 f5 12. Ne5 Nxe5 13. Bxe5 Nxd2 14. Rxd2 Bd6
15. f4 Bxe5 16. fxe5 c4 17. Bc2 Bc6 18. Qf3 Qg5 19. g3 b5 20. a3 a5 21. Rg2 Rab8
22. Qe2 b4 23. axb4 axb4 24. Rf4 bxc3 25. bxc3 h5 26. Bd1 Rb1 27. Rf1 g6 28. h4
Qe7 29. Qc2 Rfb8 30. Rgf2 Ra1 31. Qd2 Rbb1 32. Bc2 Rxf1+ 33. Rxf1 Rxf1+ 34. Kxf1
Qa3 1/2-1/2

[Event "ch-RUS Rapid w 2016"]
[Site "Sochi RUS"]
[Date "2016.10.03"]
[Round "7.9"]
[White "Nechaeva, Marina"]
[Black "Gvanceladze, Anna"]
[Result "1-0"]
[WhiteTitle "IM"]
[BlackTitle "WFM"]
[WhiteElo "2428"]
[BlackElo "2223"]
[WhiteFideId "4149351"]
[BlackFideId "4113721"]
[EventDate "2016.10.02"]

1. d4 Nf6 2. c4 e6 3. Nc3 Bb4 4. Qc2 Nc6 5. Nf3 d6 6. Bd2 e5 7. a3 Bxc3 8. Bxc3
Qe7 9. dxe5 dxe5 10. e3 a5 11. Be2 Bg4 12. O-O O-O 13. h3 Bh5 14. Nxe5 Nxe5 15.
Bxh5 Nxh5 16. Qf5 Ng3 17. fxg3 Nxc4 18. Bxg7 Kxg7 19. Qg4+ Kh8 20. Qxc4 Qxe3+
21. Kh2 Qe5 22. Rae1 Qxb2 23. Re7 b5 24. Qxc7 Rac8 25. Qb7 Rb8 26. Rfxf7 Rxf7
27. Qxb8+ Kg7 28. Re8 Rf2 29. Re7+ Rf7 30. Re8 Rf2 31. Rg8+ Kh6 32. Qb6+ Rf6 33.
Qe3+ 1-0

[Event "ch-RUS Rapid w 2016"]
[Site "Sochi RUS"]
[Date "2016.10.03"]
[Round "7.10"]
[White "Makarenko, Alexandra"]
[Black "Drozdova, Dina"]
[Result "0-1"]
[WhiteTitle "WFM"]
[BlackTitle "WIM"]
[WhiteElo "2243"]
[BlackElo "2242"]
[WhiteFideId "4165055"]
[BlackFideId "4170695"]
[EventDate "2016.10.02"]

1. e4 d6 2. d4 Nf6 3. Nc3 e5 4. Nf3 Nbd7 5. Bc4 Be7 6. O-O O-O 7. Qe2 c6 8. Rd1
Qc7 9. dxe5 dxe5 10. a4 Nc5 11. b3 Bg4 12. h3 Bh5 13. b4 Ne6 14. Bxe6 Bxb4 15.
Na2 Bc5 16. Bc4 a6 17. Bb2 Rfe8 18. Rab1 b5 19. Bb3 Bg6 20. Nd2 Nh5 21. Qf3 Nf4
22. Nc3 Bh5 23. g4 Bg6 24. Ne2 Ne6 25. axb5 axb5 26. h4 f6 27. Ng3 Bf7 28. Bxe6
Bxe6 29. Nf5 Qc8 30. Nb3 Bf8 31. g5 fxg5 32. hxg5 Qc7 33. Kg2 c5 34. Rh1 c4 35.
Nc1 g6 36. Ne3 c3 37. Ba1 b4 38. Nd3 Rab8 39. Qg3 Bd6 40. Rh4 Re7 41. Qh2 Rf7
42. Qg1 Rbf8 43. Ng4 Bxg4 44. Rxg4 Qd7 45. Rg3 Qe7 46. Qe1 Bc5 47. Nxc5 Qxc5 48.
f3 Ra8 49. Qf2 Qc4 50. Rh3 Rd7 51. Qb6 Qe2+ 52. Kg3 Rf7 53. Qf2 Qc4 54. Rbh1 Rd8
55. Qb6 Rdf8 56. Qxg6+ Rg7 57. Qh5 Qe2 58. Qg4 Rgf7 59. Kh4 Rf4 60. Kg3 Rxf3+
61. Kh4 R3f4 62. Rg3 Qf2 63. Kh5 Rxg4 64. Rxg4 Qf3 65. Rg1 Rf4 66. g6 Qh3+ 67.
Kg5 h6# 0-1

[Event "ch-RUS Rapid w 2016"]
[Site "Sochi RUS"]
[Date "2016.10.03"]
[Round "7.11"]
[White "Semenova, Elena1"]
[Black "Tomilova, Elena"]
[Result "0-1"]
[WhiteTitle "WIM"]
[BlackTitle "WIM"]
[WhiteElo "2256"]
[BlackElo "2309"]
[WhiteFideId "24125148"]
[BlackFideId "4162340"]
[EventDate "2016.10.02"]

1. e4 c5 2. Nf3 a6 3. c4 Nc6 4. d4 cxd4 5. Nxd4 e5 6. Nxc6 bxc6 7. Be2 Nf6 8.
Qc2 Bc5 9. O-O O-O 10. Bg5 h6 11. Bh4 d6 12. Nd2 Rb8 13. Nb3 Bd4 14. Nxd4 exd4
15. c5 Qe7 16. Bg3 Nxe4 17. cxd6 Nxd6 18. Qc5 Rd8 19. Rfe1 Qf6 20. Bd3 Bf5 21.
Bxd6 Bxd3 22. Bxb8 Rxb8 23. b3 Rb5 24. Re8+ Kh7 25. Qf8 Rf5 26. f3 Rg5 27. Kh1
Qf4 28. Rae1 Qd2 29. Rg1 Bf1 30. g3 Qf2 31. h4 Qxf3+ 32. Kh2 Qf2+ 33. Kh1 Rxg3
34. Rxg3 Qxg3 35. Qg8+ Kg6 36. h5+ Kf6 37. Re6+ fxe6 38. Qf8+ Kg5 39. Qxg7+ Kh4
40. Qf6+ Kxh5 41. Qxf1 d3 42. Qf7+ Kh4 43. Qf6+ Kh5 44. Qf7+ Qg6 45. Qf3+ Kg5
46. Qe3+ Kf6 47. Qf4+ Kg7 48. Qe5+ Kf7 49. Qc7+ Kf6 50. Qf4+ Kg7 51. Qd4+ Kf7
52. Qd7+ Kf6 53. Qd4+ Ke7 54. Qa7+ Kf8 55. Qb8+ Kg7 56. Qc7+ Kf6 57. Qf4+ Qf5
58. Qxh6+ Ke5 59. Qg7+ Ke4 60. Kg1 Qc5+ 61. Kg2 Qc2+ 62. Kg3 Qe2 63. Qh7+ Ke5
64. Qg7+ Kd5 65. Qd7+ Kc5 66. Qa7+ Kb4 67. Qb6+ Ka3 68. Qxa6+ Kb2 69. Qc4 Qe3+
70. Kg2 d2 71. Qf1 Qe4+ 72. Kh2 Qe5+ 73. Kg2 Qd5+ 0-1

[Event "ch-RUS Rapid w 2016"]
[Site "Sochi RUS"]
[Date "2016.10.03"]
[Round "7.12"]
[White "Nebolsina, Vera"]
[Black "Potapova, Margarita"]
[Result "1-0"]
[WhiteTitle "WGM"]
[BlackTitle "WFM"]
[WhiteElo "2219"]
[BlackElo "2060"]
[WhiteFideId "4163591"]
[BlackFideId "14126869"]
[EventDate "2016.10.02"]

1. c4 e5 2. g3 Nf6 3. Bg2 d5 4. cxd5 Nxd5 5. Nf3 Nc6 6. d3 Be7 7. O-O O-O 8.
Nbd2 Be6 9. Nc4 f6 10. Bd2 Nb6 11. Na5 Nxa5 12. Bxa5 Nd5 13. e4 Nb4 14. d4 exd4
15. Qxd4 Nc6 16. Qxd8 Bxd8 17. Bc3 Be7 18. Nd4 Nxd4 19. Bxd4 c5 20. Bc3 Rab8 21.
a4 Bb3 22. Rfe1 Rfd8 23. e5 fxe5 24. Rxe5 Bf8 25. a5 b5 26. axb6 axb6 27. h4 b5
28. Rg5 h6 29. Rg6 Bf7 30. Rga6 Re8 31. f4 Re2 32. Be5 Rd8 33. Bf1 Rc2 34. Bxb5
c4 35. Bc6 Bc5+ 36. Kh1 Re2 37. Ra8 Rxa8 38. Rxa8+ Kh7 39. Bf3 Re3 40. Bg2 Re1+
41. Kh2 Bg1+ 42. Kh1 Bb6+ 43. Kh2 Re2 44. Ra6 Bc5 45. Kh3 Bg6 46. Bf3 Re3 47.
Kg2 Rd3 48. Bc3 Bd4 49. h5 Bf5 50. g4 Bxc3 51. bxc3 Rd2+ 52. Kg3 Bd3 53. Ra8 Bc2
54. f5 Rd3 55. Kf4 Rxc3 56. Bd5 Bb1 57. Bg8+ Kh8 58. Bxc4+ Kh7 59. Bg8+ Kh8 60.
Bf7+ 1-0

[Event "ch-RUS Rapid w 2016"]
[Site "Sochi RUS"]
[Date "2016.10.03"]
[Round "7.13"]
[White "Berdychevskaya, Natasha"]
[Black "Belenkaya, Dina"]
[Result "0-1"]
[WhiteTitle "WFM"]
[BlackTitle "WFM"]
[WhiteElo "2208"]
[BlackElo "2313"]
[WhiteFideId "4159322"]
[BlackFideId "24142654"]
[EventDate "2016.10.02"]

1. e4 c6 2. d4 d5 3. Nc3 dxe4 4. Nxe4 Nf6 5. Nxf6+ exf6 6. c3 Bd6 7. Nf3 O-O 8.
Be2 Nd7 9. O-O f5 10. Qc2 Nf6 11. Bd3 g6 12. Bg5 Be6 13. Rfe1 Re8 14. c4 Be7 15.
Rad1 Qa5 16. a3 Rad8 17. h3 Rc8 18. Re5 Qd8 19. Qe2 Nd7 20. Bxe7 Qxe7 21. Re3 f4
22. Re4 f5 23. Rxf4 g5 24. Rxf5 Bxf5 25. Qxe7 Rxe7 26. Bxf5 Rf8 27. Bxd7 Rxd7
28. Nxg5 Rf4 29. Nf3 c5 30. d5 Rg7 31. Kf1 Kf8 32. b3 Re4 33. g3 Ke8 34. Re1
Rxe1+ 35. Kxe1 Rg6 36. Kd2 Rb6 37. Ne5 Rxb3 38. a4 Ra3 39. Nd3 b6 40. Ke3 Rxa4
41. Ne5 Ra1 42. Ke4 a5 43. Kf5 a4 44. Ke6 a3 45. d6 Rd1 46. d7+ Kf8 47. Nc6 a2
48. Ne7 a1=Q 49. Nd5 Qa8 50. Kd6 Qd8 51. Kc6 Rd4 52. Nxb6 Ke7 53. Kxc5 Rxd7 0-1

[Event "ch-RUS Rapid w 2016"]
[Site "Sochi RUS"]
[Date "2016.10.03"]
[Round "7.14"]
[White "Kovanova, Baira"]
[Black "Markelova, Lubov"]
[Result "1-0"]
[WhiteTitle "WGM"]
[BlackTitle "WFM"]
[WhiteElo "2382"]
[BlackElo "2133"]
[WhiteFideId "4164083"]
[BlackFideId "24131369"]
[EventDate "2016.10.02"]

1. e4 e6 2. d3 d5 3. Qe2 Nf6 4. Nf3 Be7 5. e5 Nfd7 6. g3 c5 7. Bg2 Nc6 8. O-O
O-O 9. c4 dxc4 10. dxc4 Qc7 11. Re1 Rd8 12. Nc3 Nf8 13. h4 Bd7 14. h5 h6 15. Bf4
Nd4 16. Nxd4 cxd4 17. Ne4 Bc6 18. Qg4 Kh8 19. Nf6 Nh7 20. Ne4 Rac8 21. Rac1 b6
22. Nd6 Bxd6 23. exd6 Qb7 24. Bxc6 Qxc6 25. Qd1 Qc5 26. b4 Qxb4 27. Qxd4 Qc5 28.
Qd1 Ng5 29. Qg4 Nh7 30. Qd1 Ng5 31. Qg4 Nh7 32. Qf3 Ng5 33. Bxg5 Qxg5 34. Qxf7
Rxd6 35. Rcd1 Rxd1 36. Rxd1 Rxc4 37. Qe8+ Kh7 38. Rd8 Rc1+ 39. Kg2 Qxd8 40. Qxd8
Rc5 41. Qe7 Rxh5 42. Qxa7 b5 43. Qd7 Re5 44. Qd6 Re1 45. Qd3+ Kg8 46. Qxb5 1-0

[Event "ch-RUS Rapid w 2016"]
[Site "Sochi RUS"]
[Date "2016.10.03"]
[Round "7.15"]
[White "Nosacheva, Mariya"]
[Black "Komiagina, Maria"]
[Result "1-0"]
[BlackTitle "WIM"]
[WhiteElo "2047"]
[BlackElo "2247"]
[WhiteFideId "34111422"]
[BlackFideId "4153987"]
[EventDate "2016.10.02"]

1. e4 c5 2. Nf3 Nc6 3. d4 cxd4 4. Nxd4 Nf6 5. Nc3 d6 6. Bg5 e6 7. Qd2 a6 8.
O-O-O h6 9. Bxf6 Qxf6 10. Kb1 Bd7 11. Bc4 Rc8 12. Bb3 Be7 13. Rhe1 O-O 14. Nxc6
Bxc6 15. f4 b5 16. Qe3 Rfe8 17. Ne2 a5 18. a3 a4 19. Ba2 Rb8 20. Nd4 Bd7 21. c3
Red8 22. Nf3 Be8 23. Ka1 Rdc8 24. g4 b4 25. cxb4 Rc2 26. e5 dxe5 27. Nxe5 Rbc8
28. Rc1 g5 29. Rxc2 Rxc2 30. Qe4 Rc8 31. f5 exf5 32. gxf5 Bd6 33. Ng4 Qg7 34.
Qd5 Bf8 35. Nxh6+ Qxh6 36. Rxe8 Rc1+ 37. Bb1 Qxh2 38. f6 1-0

[Event "ch-RUS Rapid w 2016"]
[Site "Sochi RUS"]
[Date "2016.10.03"]
[Round "8.1"]
[White "Goryachkina, Aleksandra"]
[Black "Pogonina, Natalija"]
[Result "1/2-1/2"]
[WhiteTitle "WGM"]
[BlackTitle "WGM"]
[WhiteElo "2460"]
[BlackElo "2484"]
[WhiteFideId "4147103"]
[BlackFideId "4147855"]
[EventDate "2016.10.02"]

1. c4 e5 2. Nc3 c5 3. Nf3 Nc6 4. e3 Nf6 5. Be2 d5 6. cxd5 Nxd5 7. d3 Be6 8. O-O
Be7 9. Nxd5 Qxd5 10. a3 O-O 11. Qc2 Rfd8 12. Bd2 Rac8 13. Rac1 Qd6 14. Rfd1 Bf5
15. e4 Bg4 16. Bc3 Be6 17. Qb1 Bb3 18. Re1 b5 19. Bd2 h6 20. h3 a5 21. Be3 Nd4
22. Nxd4 cxd4 23. Bd2 Bg5 24. Bxg5 hxg5 25. Bg4 Be6 26. Bxe6 Qxe6 27. Rxc8 Rxc8
28. Rc1 a4 1/2-1/2

[Event "ch-RUS Rapid w 2016"]
[Site "Sochi RUS"]
[Date "2016.10.03"]
[Round "8.2"]
[White "Vasilevich, Irina"]
[Black "Charochkina, Daria"]
[Result "0-1"]
[WhiteTitle "IM"]
[BlackTitle "IM"]
[WhiteElo "2285"]
[BlackElo "2366"]
[WhiteFideId "4141296"]
[BlackFideId "4180917"]
[EventDate "2016.10.02"]

1. c4 e5 2. Nc3 Nf6 3. g3 d5 4. cxd5 Nxd5 5. Bg2 Nb6 6. e3 Nc6 7. Nge2 Bg4 8. f3
Bh5 9. O-O Bd6 10. d4 exd4 11. Nxd4 Nxd4 12. Qxd4 O-O 13. Rd1 Qe7 14. Nd5 Nxd5
15. Qxd5 Be5 16. Bd2 Rad8 17. Qb3 Qf6 18. Bb4 Bxb2 19. Rxd8 Rxd8 20. Rb1 Be5 21.
f4 Bd6 22. Bc3 Qe7 23. e4 Bc5+ 24. Kh1 b6 25. Qb2 f6 26. e5 fxe5 27. Bxe5 Qd7
28. Qc2 Bg6 29. Qb3+ Kh8 30. Rf1 Qe7 31. Qb2 Bf5 32. h3 Be3 33. Re1 Rd3 34. Kh2
Qd7 35. Re2 h6 36. Qb4 Bc5 37. Qb2 Rd1 38. Bf3 Bg1+ 39. Kg2 Bxh3+ 0-1

[Event "ch-RUS Rapid w 2016"]
[Site "Sochi RUS"]
[Date "2016.10.03"]
[Round "8.4"]
[White "Vasilevich, Tatjana"]
[Black "Gritsayeva, Oksana"]
[Result "1/2-1/2"]
[WhiteTitle "IM"]
[BlackTitle "WFM"]
[WhiteElo "2372"]
[BlackElo "2321"]
[WhiteFideId "14101610"]
[BlackFideId "14104652"]
[EventDate "2016.10.02"]

1. d4 d5 2. c4 dxc4 3. Nf3 Nf6 4. e3 g6 5. Bxc4 Bg7 6. O-O O-O 7. h3 a6 8. a4
Ne4 9. Nc3 Nd6 10. Bb3 Nc6 11. Qe2 e5 12. dxe5 Nxe5 13. Rd1 Nxf3+ 14. Qxf3 Bd7
15. e4 Bc6 16. Bf4 Qe7 17. Bxd6 cxd6 18. Nd5 Qe5 19. Rd2 Rae8 20. Re1 Kh8 21.
Ree2 Qg5 22. Qd3 h5 23. f4 Qh4 24. Qf3 Kh7 25. Kh2 Qd8 26. Qd3 1/2-1/2

[Event "ch-RUS Rapid w 2016"]
[Site "Sochi RUS"]
[Date "2016.10.03"]
[Round "8.5"]
[White "Tomilova, Elena"]
[Black "Nechaeva, Marina"]
[Result "1/2-1/2"]
[WhiteTitle "WIM"]
[BlackTitle "IM"]
[WhiteElo "2309"]
[BlackElo "2428"]
[WhiteFideId "4162340"]
[BlackFideId "4149351"]
[EventDate "2016.10.02"]

1. c4 c5 2. g3 Nc6 3. Bg2 g6 4. Nc3 Bg7 5. e3 e5 6. Nge2 Nge7 7. O-O O-O 8. d3
d6 9. a3 a5 10. Nd5 Rb8 11. Nec3 b6 12. Rb1 Nxd5 13. Nxd5 Be6 14. Bd2 Ne7 15. b4
axb4 16. axb4 Nxd5 17. cxd5 Bd7 18. Qb3 Qc7 19. Rfc1 Rfc8 20. e4 h6 21. Rc2 Ra8
22. Ra2 Bf8 23. h4 Qd8 24. Rxa8 Rxa8 25. bxc5 bxc5 26. Qb7 Bg4 27. f3 Bd7 28.
Rb2 Rc8 1/2-1/2

[Event "ch-RUS Rapid w 2016"]
[Site "Sochi RUS"]
[Date "2016.10.03"]
[Round "8.6"]
[White "Girya, Olga"]
[Black "Ovod, Evgenija"]
[Result "1-0"]
[WhiteTitle "WGM"]
[BlackTitle "IM"]
[WhiteElo "2446"]
[BlackElo "2362"]
[WhiteFideId "4195752"]
[BlackFideId "4131827"]
[EventDate "2016.10.02"]

1. d4 d5 2. c4 c6 3. Nf3 Nf6 4. Nc3 dxc4 5. a4 e6 6. e4 Bb4 7. Bg5 h6 8. Bxf6
Qxf6 9. Bxc4 c5 10. O-O cxd4 11. Nb5 Qe7 12. Qxd4 O-O 13. e5 Rd8 14. Qe4 a6 15.
Bd3 Rxd3 16. Qxd3 axb5 17. axb5 Rxa1 18. Rxa1 Nd7 19. Rc1 Nb6 20. Qd4 Ba5 21.
Qd6 Qxd6 22. exd6 Bd7 23. Rc7 Bxb5 24. Rc5 Bc6 25. Rxa5 Nc4 26. Ra8+ Kh7 27. Rd8
Bxf3 28. d7 Bc6 29. Rh8+ Kxh8 30. d8=Q+ Kh7 31. Qd3+ 1-0

[Event "ch-RUS Rapid w 2016"]
[Site "Sochi RUS"]
[Date "2016.10.03"]
[Round "8.7"]
[White "Belenkaya, Dina"]
[Black "Ambartsumova, Karina"]
[Result "0-1"]
[WhiteTitle "WFM"]
[BlackTitle "WGM"]
[WhiteElo "2313"]
[BlackElo "2280"]
[WhiteFideId "24142654"]
[BlackFideId "4166299"]
[EventDate "2016.10.02"]

1. e4 c5 2. Nf3 a6 3. c4 e6 4. Nc3 Qc7 5. Be2 d6 6. d4 cxd4 7. Nxd4 Nf6 8. O-O
Be7 9. Be3 b6 10. Rc1 Bb7 11. f3 O-O 12. Qd2 Nbd7 13. Kh1 Rac8 14. Bg1 Qb8 15.
a3 Rfe8 16. b4 h6 17. Nb3 Bd8 18. Rfd1 Bc7 19. Qa2 Qa8 20. Bf1 d5 21. exd5 exd5
22. c5 Bf4 23. Rb1 a5 24. Bb5 Be5 25. Na4 axb4 26. Nxb6 Nxb6 27. cxb6 Bc6 28.
Bxc6 Rxc6 29. a4 Qa6 30. a5 Rec8 31. Qd2 Bc3 32. Qd3 Rc4 33. Bf2 Re8 34. Rbc1
Qb5 35. Bh4 g5 36. Bg3 Kg7 37. h4 Be1 38. hxg5 hxg5 39. Bh2 Rh8 40. Rxe1 Rxh2+
41. Kg1 Rh1+ 42. Kf2 Ng4+ 43. Kg3 Rxe1 44. Rxe1 Ne5 45. Qf5 Ng6 46. Qxg5 Qd7 47.
a6 Qd6+ 48. Kf2 Qxb6+ 49. Qe3 Qxa6 50. Rh1 Rc2+ 51. Ke1 Qf6 52. Nd4 Rc4 53. Qh6+
Kg8 54. Qh7+ Kf8 55. Qh6+ Ke7 56. Qe3+ Qe5 57. Qxe5+ Nxe5 58. Rh5 Nd3+ 59. Kd2
Rxd4 60. Ke3 Nf4 61. Re5+ Ne6 62. Rxe6+ Kxe6 63. Kxd4 Kf5 64. g3 f6 65. Kd3 Ke5
66. Ke3 d4+ 67. Kd3 b3 68. Kd2 Kd5 69. Kd3 Kc5 70. g4 Kb4 71. f4 Ka3 72. Kxd4 b2
73. g5 fxg5 74. fxg5 b1=Q 75. Ke5 Qg6 0-1

[Event "ch-RUS Rapid w 2016"]
[Site "Sochi RUS"]
[Date "2016.10.03"]
[Round "8.8"]
[White "Kovalevskaya, Ekaterina"]
[Black "Travkina, Anastasia"]
[Result "1/2-1/2"]
[WhiteTitle "IM"]
[BlackTitle "WFM"]
[WhiteElo "2437"]
[BlackElo "2292"]
[WhiteFideId "4116704"]
[BlackFideId "24129151"]
[EventDate "2016.10.02"]

1. Nf3 d5 2. c4 c6 3. g3 Nf6 4. Bg2 Bg4 5. O-O e6 6. b3 Nbd7 7. Bb2 Bd6 8. d4
O-O 9. Nbd2 Qe7 10. Ne5 Bf5 11. h3 h6 12. Kh2 Ba3 13. Bxa3 Qxa3 14. Nxd7 1/2-1/2

[Event "ch-RUS Rapid w 2016"]
[Site "Sochi RUS"]
[Date "2016.10.03"]
[Round "8.9"]
[White "Drozdova, Dina"]
[Black "Nebolsina, Vera"]
[Result "1/2-1/2"]
[WhiteTitle "WIM"]
[BlackTitle "WGM"]
[WhiteElo "2242"]
[BlackElo "2219"]
[WhiteFideId "4170695"]
[BlackFideId "4163591"]
[EventDate "2016.10.02"]

1. d4 f5 2. e4 fxe4 3. Nc3 Nf6 4. Bg5 e6 5. Nxe4 Be7 6. Bxf6 Bxf6 7. c3 O-O 8.
Nf3 Nc6 9. Bd3 d5 10. Nxf6+ Qxf6 11. Qe2 Qh6 12. O-O Bd7 13. Bb5 Rf6 14. Bxc6
Bxc6 15. Ne5 Qg5 16. Rae1 Raf8 17. f3 Be8 18. Qe3 Qh4 19. Qf2 Qg5 20. Re3 Qf5
21. Rfe1 g5 22. Qg3 h5 23. h4 g4 24. fxg4 Qc2 25. R3e2 Qh7 26. g5 1/2-1/2

[Event "ch-RUS Rapid w 2016"]
[Site "Sochi RUS"]
[Date "2016.10.03"]
[Round "8.10"]
[White "Severina, Maria"]
[Black "Sukhareva, Evgeniya"]
[Result "1/2-1/2"]
[WhiteTitle "WIM"]
[WhiteElo "2232"]
[BlackElo "2151"]
[WhiteFideId "4116909"]
[BlackFideId "4167155"]
[EventDate "2016.10.02"]

1. Nf3 d5 2. g3 e6 3. Bg2 Nf6 4. c4 Be7 5. O-O O-O 6. cxd5 Nxd5 7. d4 b6 8. e4
Nf6 9. Nc3 Bb7 10. Qc2 c5 11. dxc5 Bxc5 12. Bg5 Be7 13. Bxf6 gxf6 14. e5 f5 15.
Rfd1 Qc8 16. Qd2 Rd8 17. Qh6 Rxd1+ 18. Rxd1 Qf8 19. Qh5 h6 20. Nb5 Na6 21. Nd6
Bc6 22. Rc1 Bd5 23. Rd1 Bxd6 24. exd6 Qxd6 25. Qxh6 Qf8 26. Qh5 Qg7 27. h4 Nc7
28. Rc1 Ne8 29. Ng5 Nf6 30. Qe2 Bxg2 31. Kxg2 Nd5 32. b3 Re8 33. Qb5 Rd8 34. Qa6
f4 35. Rc8 Rxc8 36. Qxc8+ Qf8 37. Qd7 fxg3 38. fxg3 Qg7 39. Qxa7 Qf6 40. Qb8+
Kg7 41. Nf3 Ne3+ 42. Kf2 Ng4+ 43. Kg2 Qb2+ 44. Kh3 Nf2+ 45. Kg2 Ng4+ 46. Kh3
Nf2+ 47. Kg2 Ng4+ 48. Kh3 Nf2+ 1/2-1/2

[Event "ch-RUS Rapid w 2016"]
[Site "Sochi RUS"]
[Date "2016.10.03"]
[Round "8.11"]
[White "Diakonova, Ekaterina"]
[Black "Bodnaruk, Anastasia"]
[Result "1-0"]
[BlackTitle "IM"]
[WhiteElo "2321"]
[BlackElo "2463"]
[WhiteFideId "24172936"]
[BlackFideId "4181751"]
[EventDate "2016.10.02"]

1. e4 c5 2. Nf3 d6 3. d4 cxd4 4. Nxd4 Nf6 5. Nc3 a6 6. h3 e5 7. Nde2 h5 8. g3
Be6 9. Bg2 Nbd7 10. a4 Rc8 11. Be3 Be7 12. O-O Nb6 13. b3 d5 14. Bxb6 Qxb6 15.
Nxd5 Nxd5 16. exd5 Bf5 17. c4 Bb4 18. Qc1 O-O 19. Qb2 Rfe8 20. Nc3 e4 21. Nd1
Bd6 22. a5 Qc5 23. Ne3 Be5 24. Qa3 Bxa1 25. Qxc5 Rxc5 26. Rxa1 Bd7 27. b4 Rcc8
28. c5 Re5 29. Rd1 Ba4 30. Rd2 Bb5 31. Bf1 Bxf1 32. Kxf1 Rd8 33. h4 Kf8 34. d6
Ke8 35. Nc4 Re6 36. Rd5 g6 37. Ne5 Kf8 38. Ke2 Kg7 39. Ke3 f6 40. Nc4 Kf7 41.
Rd4 g5 42. Nb6 Rg8 43. b5 axb5 44. a6 bxa6 45. c6 b4 46. c7 b3 47. d7 b2 48. Rb4
Rd6 49. c8=Q 1-0

[Event "ch-RUS Rapid w 2016"]
[Site "Sochi RUS"]
[Date "2016.10.03"]
[Round "8.12"]
[White "Rozhko, Mariya"]
[Black "Galliamova, Alisa"]
[Result "0-1"]
[WhiteTitle "WFM"]
[BlackTitle "IM"]
[WhiteElo "2099"]
[BlackElo "2450"]
[WhiteFideId "4171314"]
[BlackFideId "4129725"]
[EventDate "2016.10.02"]

1. d4 d5 2. Nf3 Nf6 3. Bf4 c5 4. e3 Nc6 5. c3 e6 6. Bd3 Qb6 7. Qb3 c4 8. Qxb6
axb6 9. Bc2 b5 10. Nbd2 b4 11. Ke2 Nh5 12. Bg3 b5 13. e4 bxc3 14. bxc3 Nxg3+ 15.
hxg3 b4 16. exd5 exd5 17. cxb4 Nxb4 18. Bb1 c3 19. Bxh7 cxd2 20. Bd3 Rxh1 21.
Rxh1 Nxd3 22. Kxd3 Rxa2 23. Nxd2 Bb4 24. Rh8+ Kd7 25. Nf3 Rxf2 26. Rh7 Bf8 27.
Rh8 Be7 28. Ne5+ Kc7 29. Rg8 Bf6 30. Nxf7 Rxg2 31. Ne5 Rxg3+ 32. Ke2 Bxe5 33.
dxe5 d4 34. Re8 Kd7 0-1

[Event "ch-RUS Rapid w 2016"]
[Site "Sochi RUS"]
[Date "2016.10.03"]
[Round "8.13"]
[White "Pavlova, Natalia"]
[Black "Kovanova, Baira"]
[Result "0-1"]
[BlackTitle "WGM"]
[WhiteElo "1990"]
[BlackElo "2382"]
[WhiteFideId "24135615"]
[BlackFideId "4164083"]
[EventDate "2016.10.02"]

1. Nf3 Nf6 2. g3 e6 3. c4 d5 4. b3 d4 5. Bg2 c5 6. O-O Nc6 7. d3 e5 8. Bg5 Be7
9. Nbd2 O-O 10. a3 a5 11. Qc2 Be6 12. Rab1 h6 13. Bxf6 Bxf6 14. e4 dxe3 15. fxe3
Qd7 16. Rbd1 Rad8 17. Ne4 Be7 18. Nc3 f5 19. Ne1 Bg5 20. Nd5 Kh8 21. Qe2 f4 22.
gxf4 exf4 23. Nxf4 Bxf4 24. Rxf4 Rxf4 25. exf4 Bg4 26. Bf3 Nd4 27. Qg2 Bh3 28.
Qg3 Re8 29. Kh1 Re3 30. Qf2 Qe7 31. Be4 Re2 32. Qg3 Bf5 33. Bxf5 Nxf5 34. Qf3
Rxe1+ 0-1